1022 1649 1218 1405 1453 1281 1813 1732 1307 1019 1908 1105 1336 1988 1499 1311 1358 1663 1716 1478 1066 1891 1119 1652 1147 1388 1155 1162 1752 1805 1609 1773 1075 1543 1504 1961 1780 1449 1473 1326 1772 1674 1207 1419 1987 1210 1339 1563 1419 1206 1126 1494 1017 1806 1044 1110 1846 1744 1621 1012 1386 1203 1207 1140 1872 1550 1513 1905 1989 1021 1843 1850 1916 1742 1756 1144 1979 1867 1114 1811 1353 1985 1405 1397 1600 1426 1551 1131 1869 1003 1628 1765 1496 1791 1638 1596 1964 1858 1469 BCNSPRNW ULIB Ver.6.0+V

เปลี่ยนเป็นภาษาไทย

Change to English
 แสดงรายละเอียดบรรณานุกรม
  กลับหน้าหลัก

Brief Record : Get Marc (ISO 2709) : E-mail record : QR code < ปิดหน้าต่าง
LEADER : 00000nam 2200000uu 4500
001    13399127514
003     ULIB
008    020711s2560 th a 000 0 tha d
060  0 ^aวจ^bส-ร
100    ^aสมจิตรา กิตติมานนท์
245    ^aรายงานการวิจัย เรื่อง การศึกษาองค์ประกอบและตัวบ่งชี้การพัฒนาทรัพยากรมนุษย์ตามหลักพุทธจริยศาสตร์ในระดับชุมชนจังหวัดนครสวรรค์(Studying Components an Indicators in Human Resource Development According to Buddhist Ethics at Community Level in Nakhonsawan
260    ^aนครสวรรค์ :^bมหาวิทยาลัยมหาจุฬาลงกรณราชวิทยาลัย วิทยาเขตนครสวรรค์,^c2560
945    ^p0^l0^i007114
999    ^aประนอม เกษจรัล
รายการนี้ยังไม่มีแท็ก
คุณยังไม่ได้ล็อกอิน คุณสามารถมีกิจกรรมร่วมกับเว็บไซต์ได้ แต่ต้องล็อกอินก่อน ::
  ล็อกอิน

รายการสื่อสารสนเทศ

ลำดับที่ ประเภท เลขเรียก/บาร์โค้ด สถานที่ สถานะ
1. งานวิจัย
งานวิจัย
วจ ส-ร ฉ.1 
  Barcode: 007114
ห้องสมุดวิทยาเขตสวรรค์ประชารักษ์
►วิจัย
บนชั้น

รายการใกล้เคียง
    ผู้แต่ง [สมจิตรา กิตติมานนท์]

BibComment


ยังไม่เคยถูกคอมเมนท์

คอมเมนท์ทรัพยากรรายการนี้
  คอมเมนท์: รายงานการวิจัย เ..


 Copyright 2026. Bcnsprnw @Library